Republica de Colombia Departamento de Risaralda (Registro nro. 18494)

Detalles MARC
000 -CABECERA
Campo de control 00706nem a2200229 u 4500
005 - FECHA Y HORA DE LA ULTIMA TRANSACCION
Campo de control 20191224042250.0
008 - ELEMENTOS DE LONGITUD FIJA—INFORMACION GENERAL
Campo de control 160505b1988 C ||||| |a|| 00| 0 spa d
040 ## - FUENTE DE CATALOGACIÓN
Agencia catalogadora original CO-BoIAVH
Agencia transcriptora CO-BoIAVH
041 ## - IDIOMA
Código de idioma para texto/pista de sonido o título separado Español
044 ## - PAÍS DE PUBLICACIÓN
País de publicación Colombia
090 ## - CLASIFICACIÓN LOCAL
Colección MC-
Consecutivo 0158
110 2# - ASIENTO PRINCIPAL--NOMBRE CORPORATIVO
Nombre corporativo o de jurisdicción como elemento de entrada Instituto Geográfico Agustín Codazzí.
245 ## - MENCION DE TITULO
Título Republica de Colombia Departamento de Risaralda
Mención de responsabilidad Ministerio de Hacienda y Credito publico
Medio físico [Material Cartografico]
255 ## - DATOS MATEMATICOS CARTOGRAFICOS
Mención de escala 1:200.000
260 ## - PUBLICACION, DISTRIBUCION, ETC. (PIE DE IMPRENTA)
Lugar de publicación, distribución, etc. Bogotá
Nombre del editor, distribuidor, etc. IAvH
Fecha de publicación, distribución, etc. 1988
300 ## - DESCRIPCION FISICA
Extensión 1 mapa
Otros detalles físicos color
Dimensiones 84 x 62 cm
650 16 - ASIENTO SECUNDARIO DE MATERIA - TERMINO TEMATICO
Término temático o nombre geográfico como elemento de entrada Hidrografía
650 16 - ASIENTO SECUNDARIO DE MATERIA - TERMINO TEMATICO
Término temático o nombre geográfico como elemento de entrada Carreteras
650 16 - ASIENTO SECUNDARIO DE MATERIA - TERMINO TEMATICO
Término temático o nombre geográfico como elemento de entrada Geografía
650 16 - ASIENTO SECUNDARIO DE MATERIA - TERMINO TEMATICO
Término temático o nombre geográfico como elemento de entrada Mapa político
942 ## - ELEMENTOS ADICIONALES (KOHA)
Sistema de clasificación Local
Tipo de ítem Mapa
Existencias
Withdrawn status Lost status Sistema de Clasificación Damaged status No para préstamo Colección Ubicación Permanente Ubicación actual Fecha de adquisición Total Checkouts Número topográfico Inventario / Código de Barras Date last seen Ejemplar Price effective from Tipo de material
    Local       Bogotá Bogotá 05/05/2016   MC-0158 040115 05/05/2016 Ej. 1 05/05/2016 Mapa